Antropología filosófica: introducción a una filosofía de la cultura
Gardado en:
| Autor Principal: | |
|---|---|
| Formato: | Libro |
| Idioma: | Lingua castelá |
| Publicado: |
Ciudad de México
Fondo de Cultura Economica
1945
|
| Series: | Colección popular, 41
|
| Subjects: | |
| Tags: |
Engadir etiqueta
Sen Etiquetas, Sexa o primeiro en etiquetar este rexistro!
|
MARC
| LEADER | 00000nam a2200000 a 4500 | ||
|---|---|---|---|
| 001 | UCY1756 | ||
| 003 | CL-VaPUC | ||
| 008 | 940915e19450000MX |||||||||||||||||spa|d | ||
| 082 | 0 | 4 | |a 128 |b CAS |2 21 |
| 100 | 0 | |a Cassirer, Ernst |e author |9 391 | |
| 245 | 1 | 0 | |a Antropología filosófica: introducción a una filosofía de la cultura |
| 300 | |a 335 p | ||
| 942 | |c BK | ||
| 945 | |d 19940915 00:00:00 |a aalvarez | ||
| 260 | |a Ciudad de México |b Fondo de Cultura Economica |c 1945 | ||
| 650 | 0 | |a Antropología filosófica |9 265842 | |
| 650 | 0 | |a Filosofía cultural |9 312300 | |
| 583 | |a last modification |c 20121001 12:07:34 |k Rodrigo Vera | ||
| 490 | 0 | |a Colección popular, 41 | |
| 999 | |c 230361 |d 230359 | ||
| 952 | |0 0 |1 0 |4 0 |6 128_000000000000000_CAS_1945 |7 0 |8 P |9 232554 |a BIBEDU |b BIBEDU |c BIBEDU_PB |d 2019-11-15 |i 3020738 |o 128 CAS 1945 |p 3020738 |r 2024-01-25 |w 2019-11-15 |y BK |k FIL | ||
| 952 | |0 0 |1 0 |4 0 |6 128_000000000000000_CAS_1945 |7 0 |8 P |9 232555 |a BIBEDU |b BIBEDU |d 2019-11-15 |i 1503049 |o 128 CAS 1945 |p 1503049 |r 2019-11-15 |w 2019-11-15 |y BK |k EDU | ||
| 952 | |0 0 |1 0 |4 0 |6 128_000000000000000_CAS_1945 |7 0 |8 P |9 232556 |a BIBEDU |b BIBEDU |c BIBEDU_PB |d 2019-11-15 |i 1503057 |o 128 CAS 1945 |p 1503057 |r 2024-01-25 |w 2019-11-15 |y BK |k EDU | ||
| 952 | |0 0 |1 0 |4 0 |6 128_000000000000000_CAS_1945 |7 0 |8 P |9 232557 |a BIBEDU |b BIBEDU |c BIBEDU_PB |d 2019-11-15 |i 1503065 |o 128 CAS 1945 |p 1503065 |r 2024-01-25 |w 2019-11-15 |y BK |k EDU | ||
| 952 | |0 0 |1 0 |4 0 |6 128_000000000000000_CAS_1945 |7 0 |8 P |9 232558 |a BIBEDU |b BIBEDU |c BIBEDU_PB |d 2019-11-15 |i 1510398 |o 128 CAS 1945 |p 1510398 |r 2024-01-25 |w 2019-11-15 |y BK |k EDU | ||
| 952 | |0 0 |1 0 |4 0 |6 128_000000000000000_CAS_1945 |7 0 |8 P |9 232559 |a BIBEDU |b BIBEDU |c BIBEDU_PB |d 2019-11-15 |i 1563009 |o 128 CAS 1945 |p 1563009 |r 2024-01-25 |w 2019-11-15 |y BK |k FIL | ||
| 952 | |0 0 |1 0 |4 0 |6 128_000000000000000_CAS_1945 |7 0 |8 P |9 232560 |a BIBEDU |b BIBEDU |c BIBEDU_PB |d 2019-11-15 |i 1606328 |o 128 CAS 1945 |p 1606328 |r 2024-01-25 |w 2019-11-15 |y BK |k EDU | ||
| 952 | |0 0 |1 0 |4 0 |6 128_000000000000000_CAS_1945 |7 0 |8 P |9 232561 |a BIBEDU |b BIBEDU |c BIBEDU_PB |d 2019-11-15 |i 1606271 |o 128 CAS 1945 |p 1606271 |r 2024-01-25 |w 2019-11-15 |y BK |k EDU | ||
| 952 | |0 0 |1 0 |4 0 |6 128_000000000000000_CAS_1945 |7 0 |8 A |9 232562 |a FDOPOS |b FDOPOS |d 2019-11-15 |i 4317130 |o 128 CAS 1945 |p 4317130 |r 2025-01-22 |w 2019-11-15 |y BK |k MLA | ||